| 000 | 00667nam a22002057a 4500 | ||
|---|---|---|---|
| 003 | NUST-PNEC | ||
| 005 | 20170114142527.0 | ||
| 008 | 140507b xxu||||| |||| 00| 0 eng d | ||
| 020 | _a9788126506453 | ||
| 040 | _cPNEC | ||
| 082 | _a005.74 INM | ||
| 100 |
_995 _aInmon, William H. |
||
| 245 |
_aBuilding the data warehouse _cWilliam H. Inmon |
||
| 250 | _a4th ed. | ||
| 260 |
_aNew Delhi _bWiley India _cc.2005 |
||
| 300 |
_axxii, 543 p. : _bill. : _c24 cm. |
||
| 500 | _aIncludes index. http://www.amazon.com/Building-Data-Warehouse-4Th-Ed/dp/8126506458/ref=sr_1_1?s=books&ie=UTF8&qid=1399463643&sr=1-1&keywords=9788126506453 | ||
| 650 | _xMIS | ||
| 942 |
_2ddc _cBK |
||
| 999 |
_c60083 _d60083 |
||